Bilecik Bilecik Bilecik Bilecik Bilecik

İslam maneviyatı ve taoculuğa toplubakış/ (Record no. 56765)

MARC details
000 -BAŞLIK
Sabit Uzunluktaki Kontrol Alanı 00969nam a22003017a 4500
001 - KONTROL NUMARASI
Control Dosyası 0056959
003 - KONTROL NUMARASI KİMLİĞİ
Kontrol Alanı KOHA_MİRAKIL
005 - EN SON İŞLEM TARİHİ ve ZAMANI
Kontrol Alanı 20260207004105.0
007 - FİZİKSEL TANIM SABİT ALAN - GENEL BİLGİ
Sabit uzunluklu kontrol alanı ta
008 - SABİT UZUNLUKTAKİ VERİ ÖGELERİ - GENEL BİLGİ
Sabit Alan 160413b1989 tu |||gr||||#||||0|tur |
040 ## - KATALOGLAMA KAYNAĞI
Özgün Kataloglama Kurumu TR-BiSEU
Kataloglama Dili tur
Çeviri Kurumu TR-BiSEU
Açıklama Kuralları rda
041 0# - DİL KODU
Metin ya da ses kaydının dil kodu tur
044 ## - YAYINLAYAN/ÜRETEN KURULUŞUN ÜLKE KODU
ISO country code tu
050 ## - SINIFLAMA ve YER NUMARASI
Sınıflama Numarası BP189
Yer Numarası .G84 1989
100 1# - KİŞİ ADI
Yazar Adı (Kişi adı) Guenon, Rene.
245 1# - ESER ADI BİLDİRİMİ
Başlık İslam maneviyatı ve taoculuğa toplubakış/
Sorumluluk Bildirimi Rene Guenon ; Rene Guenon; Çeviren Mahmut Kanık.
264 #1 - ÜRERİM, YAYIN, DAĞITIM ve TELİF BİLDİRİMİ
Yayın yeri İstanbul :
Yayınlayan İnsan Yayınları
Yayın tarihi 1989
300 ## - FİZİKSEL TANIMLAMA
Sayfa, Cilt vb. 128 sayfa; 20 cm.
336 ## - İÇERİK TÜRÜ
Content type term metin
Content type code txt
Source rdacontent
337 ## - MEDYA TÜRÜ
Media type term aracısız
Media type code n
Source rdamedia
338 ## - TAŞIYICI TÜRÜ
Carrier type term cilt
Carrier type code nc
Source rdacarrier
490 1# - DİZİ BİLDİRİMİ
Dizi Bildirimi İnsan Yayınları ;
Cilt Numarası 44.
490 1# - DİZİ BİLDİRİMİ
Dizi Bildirimi İnceleme-Araştırma ;
Cilt Numarası 23.
500 ## - GENEL NOT
Genel Not Özgün Adı : Aperçus de l'esoterisme islanmique et le taosme, 1973
830 1# - SERİ EK GİRİŞİ - TEKBİÇİM ESER ADI
Tekbiçim Başlık İnsan Yayınları ;
Volume number/sequential designation 44.
9 (RLIN) 3280
830 1# - SERİ EK GİRİŞİ - TEKBİÇİM ESER ADI
Tekbiçim Başlık İnceleme-Araştırma ;
Volume number/sequential designation 23.
9 (RLIN) 18958
942 ## - EK GİRİŞ ÖGELERİ (KOHA)
Source of classification or shelving scheme Library of Congress Classification
Koha item type Book
Holdings
Materyal Türü Kalıcı Konum Mevcut Konum Raf Yeri Sınıflandırma Kaynağı Edinim Bilgisi Ana Konular Alt Konular Yer Numarası Demirbaş Numarası Fatura Tarihi Geri Çekilme Durumu Kayıp Durumu Hasarlı Durumu Kredi için değil Kayıt Tarih Toplam Ödünçverme Son Görülme Tarihi Son Kontrol Tarihi Genel / Bağış Notu
Book Prof. Dr. Azmi Özcan Kütüphanesi Prof. Dr. Azmi Özcan Kütüphanesi Uluğbey Salonu Library of Congress Classification Bağış FELSEFE, PSİKOLOJİ, DİN İslam, Bahailik, Teozofi vb. BP189 .G84 1989 0056959 02/02/2026         13/04/2016   05/12/2024 05/12/2024 Azmi Özcan, Akademisyen